logo

Bir Sreshtho Munshi Abdur Rouf Library
Jhenaidah Cadet College

ব্যবহারিক প্রাণিবিজ্ঞান / (Record no. 8059)

MARC details
000 -LEADER
fixed length control field 00839nam a2200229 a 4500
001 - CONTROL NUMBER
JCCL Control Number 8059
003 - CONTROL NUMBER IDENTIFIER
JCCL marc code BD-JhCC
005 - DATE AND TIME OF LATEST TRANSACTION
control field 20180218090347.0
008 - FIXED-LENGTH DATA ELEMENTS--GENERAL INFORMATION
fixed length control field 180218s1978 bg a|||| ||a| 000 0 ben d
035 ## - SYSTEM CONTROL NUMBER
system control number (BD-JhCC)8059
040 ## - CATALOGING SOURCE
Original cataloging agency BD-JhCC
Modifying agency BD-JhCC
041 ## - LANGUAGE CODE
Language code of Book ben
082 ## - DEWEY DECIMAL CLASSIFICATION NUMBER
Classification number 592
Author mark and Year CHA 1978
100 ## - MAIN ENTRY--PERSONAL NAME
Personal name চক্রবর্তী, তপন
245 ## - TITLE STATEMENT
Title ব্যবহারিক প্রাণিবিজ্ঞান /
Statement of responsibility, etc তপন চক্রবর্তী এবং মিয়াঁ মুহম্মদ আব্দুল কুদ্দুস
260 ## - PUBLICATION, DISTRIBUTION, ETC. (IMPRINT)
Place of publication, distribution, etc ঢাকা :
Name of publisher, distributor, etc বাংলা একাডেমী,
Date of publication, distribution, etc 1978
300 ## - PHYSICAL DESCRIPTION
Pagination 338 p. :
Dimensions 24 cm.
650 ## - SUBJECT ADDED ENTRY--TOPICAL TERM
Topical term or geographic name as entry element Zoology
700 ## - ADDED ENTRY--PERSONAL NAME
Personal name কুদ্দুস, মিয়াঁ মুহম্মদ আব্দুল
942 ## - ADDED ENTRY ELEMENTS (KOHA)
Source of classification or shelving scheme Dewey Decimal Classification
Koha item type Books
Holdings
Source of classification or shelving scheme Damaged status Not for loan Home library Current library Shelving location Date of accession Cost, normal purchase price Total Checkouts Full call number Barcode Date last seen Copy number Koha item type
Dewey Decimal Classification     JCC Rouf Library JCC Rouf Library General Stacks 02/18/2018 55.00   592 CHA 1978 10094 02/18/2018 C - 1 Books

JCC Library | Contacts | JCC Home

Last Update on 23 September 2017
Copyright @ 2017-2020 JCC Rouf Library
Rouf Library, Jhenidah Cadet College (JCC), Bangladesh